[Event "POLFINAL MISTRZOSTW POLSKI JUNIOROW 2019 - D15"]
[Site "Ustron"]
[Date "1899-12-30"]
[Round "8.6"]
[White "Pieczewska, Gabriela"]
[Black "Szewczyk, Malwina"]
[Result "1/2-1/2"]
[WhiteTitle "I"]
[BlackTitle "I"]
[WhiteElo "1184"]
[BlackElo "1332"]

1. c4 c5 2. Nc3 Nf6 3. g3 d5 4. cxd5 Nxd5 5. Bg2 Nc7 6. Nf3 Nc6 7. O-O e5 8. b3
Be7 9. Bb2 f6 10. Rc1 Bd7 11. Ne4 b6 12. e3 Nb4 13. a4 Rb8 14. Ba3 Bf5 15. Bxb4
Bxe4 16. Bc3 O-O 17. d4 cxd4 18. exd4 Ba3 19. Ra1 Nd5 20. dxe5 Qc7 21. Rxa3 Nxc3
22. Qd6 Qxd6 23. exd6 Rbd8 24. Nd2 Bxg2 25. Kxg2 Rxd6 26. Nc4 Re6 27. Ne3 Rd8
28. b4 Ne4 29. Rd1 Rxd1 30. Nxd1 Rd6 31. Re3 f5 32. Nc3 Rd4 33. Nxe4 fxe4 34.
Rc3 Rxb4 35. Rc8+ Kf7 36. Rc7+ Kf6 37. Rxa7 h6 38. a5 bxa5 39. Rxa5 1/2-1/2

[Event "POLFINAL MISTRZOSTW POLSKI JUNIOROW 2019 - D15"]
[Site "Ustron"]
[Date "1899-12-30"]
[Round "8.7"]
[White "Retz, Agnieszka"]
[Black "Rodzik, Malgorzata"]
[Result "1-0"]
[WhiteTitle "II+"]
[BlackTitle "II"]
[WhiteElo "1221"]
[BlackElo "1138"]

1. e4 e6 2. Nf3 b6 3. d4 Bb7 4. Bd3 Nf6 5. Qe2 d6 6. O-O Nbd7 7. Bf4 Be7 8. c3
c5 9. Nbd2 O-O 10. e5 Nd5 11. Bg3 dxe5 12. dxe5 Nc7 13. Ne4 f5 14. exf6 Bxf6 15.
Nxf6+ Nxf6 16. Bxc7 Qxc7 17. Qxe6+ Kh8 18. Qe5 Qd7 19. Qf5 Qc7 20. Ng5 g6 21.
Qh3 Qd6 22. Bxg6 Qe7 23. Bc2 Rg8 24. f4 Qg7 25. Rae1 h6 26. Rf2 Bc8 27. Ne6 Bxe6
28. Rxe6 Raf8 29. Rfe2 Nd5 30. Rxh6+ 1-0

[Event "POLFINAL MISTRZOSTW POLSKI JUNIOROW 2019 - D15"]
[Site "Ustron"]
[Date "1899-12-30"]
[Round "8.8"]
[White "Kulpa, Karolina"]
[Black "Reszka, Zofia"]
[Result "0-1"]
[WhiteTitle "I"]
[BlackTitle "I"]
[WhiteElo "1319"]
[BlackElo "1258"]

1. d4 d5 2. c4 dxc4 3. e3 e5 4. dxe5 Qxd1+ 5. Kxd1 Nc6 6. Bxc4 Nxe5 7. Bb3 Nd3
8. Ba4+ c6 9. Ke2 Nxc1+ 10. Kd2 Nxa2 11. Rxa2 Be6 12. Ra1 O-O-O 13. Ke2 Nf6 14.
Nd2 Bb4 15. Ngf3 Bg4 16. Rhd1 Bxd2 17. Rxd2 Rxd2+ 18. Kxd2 Ne4+ 19. Ke1 Bxf3 20.
gxf3 Nc5 21. Bc2 a6 22. Rc1 Ne6 23. Bd3 g6 24. b4 Re8 25. b5 axb5 26. Bxb5 Nd4
27. Be2 Nxe2 28. Kxe2 Re5 29. Ra1 Kb8 30. Rd1 Rd5 31. Rb1 Rh5 32. Rh1 Rb5 33.
Rd1 Rb2+ 34. Kf1 Kc7 35. Rd4 Rb5 36. Re4 Kd7 37. Rd4+ Rd5 38. Rb4 Kc7 39. Re4
Rd7 40. Re5 b5 41. f4 f5 42. f3 b4 43. Rc5 b3 44. Rc1 b2 45. Rb1 Rd2 46. e4 Rc2
47. e5 Rc1+ 0-1

[Event "POLFINAL MISTRZOSTW POLSKI JUNIOROW 2019 - D15"]
[Site "Ustron"]
[Date "1899-12-30"]
[Round "8.9"]
[White "Buchta, Alicja"]
[Black "Czajkowska, Paulina"]
[Result "1/2-1/2"]
[WhiteTitle "II"]
[BlackTitle "II"]
[WhiteElo "1107"]
[BlackElo "1224"]

1. c4 e5 2. Nc3 c6 3. g3 d6 4. Bg2 Be6 5. b3 f5 6. e3 Be7 7. Nge2 Nd7 8. d4 Qc7
9. d5 Bf7 10. dxc6 bxc6 11. O-O g5 12. Qd2 Nh6 13. Ba3 Rd8 14. Rad1 Nf6 15. Qc1
O-O 16. Kh1 Be6 17. f4 g4 18. Rd2 Nf7 19. Ng1 h5 20. Bb2 Kg7 21. Qe1 Rh8 22. h4
gxh3 23. Bxh3 Ng4 24. Nf3 Rdg8 25. Rg1 Kf8 26. Rdg2 Qd8 27. Bc1 h4 28. gxh4 Bxh4
29. Nxh4 Qxh4 30. Qxh4 Rxh4 31. Rg3 Rgh8 32. Kg2 exf4 33. exf4 c5 34. a4 Bd7 35.
Re1 Bc6+ 36. Nd5 Nd8 37. Bb2 R8h7 38. Bc3 Bxd5+ 39. cxd5 1/2-1/2

[Event "POLFINAL MISTRZOSTW POLSKI JUNIOROW 2019 - D15"]
[Site "Ustron"]
[Date "1899-12-30"]
[Round "8.11"]
[White "Kokoszka, Alicja"]
[Black "Zajac, Aleksandra"]
[Result "0-1"]
[WhiteTitle "II"]
[BlackTitle "II"]
[WhiteElo "1135"]
[BlackElo "1162"]

1. d4 d5 2. c4 e6 3. Nf3 Nd7 4. Nc3 Ngf6 5. Bg5 Be7 6. e3 Ne4 7. Bxe7 Qxe7 8. cxd5
Nxc3 9. bxc3 exd5 10. Bd3 c5 11. O-O c4 12. Bc2 O-O 13. Re1 f5 14. h3 Nf6 15.
Nh4 Ne4 16. Bxe4 fxe4 17. g3 Bxh3 18. Ng2 Bxg2 19. Kxg2 Qf7 20. Qe2 Qf3+ 21. Qxf3
Rxf3 22. Rab1 b6 23. Rb5 Rd8 24. Rb2 g6 25. Rh1 Rd7 26. Rh4 Kf8 27. Rg4 Ke8 28.
Rb5 Kd8 29. Rf4 Rxf4 30. exf4 Kc7 31. Rb2 Kc6 32. Kf1 a6 33. Ke2 b5 34. Kd2 Rf7
35. Ke3 a5 36. a3 g5 37. f3 gxf4+ 38. gxf4 exf3 39. Kxf3 h5 40. Re2 Rf5 41. Re5
Rxe5 42. dxe5 b4 43. axb4 axb4 44. cxb4 c3 45. Ke3 c2 46. Kd2 h4 47. f5 h3 48.
f6 h2 0-1

[Event "POLFINAL MISTRZOSTW POLSKI JUNIOROW 2019 - D15"]
[Site "Ustron"]
[Date "1899-12-30"]
[Round "8.13"]
[White "Kowalska, Julia"]
[Black "Dumin, Monika"]
[Result "0-1"]
[WhiteTitle "II"]
[BlackTitle "II"]
[WhiteElo "1055"]
[BlackElo "1089"]

1. e4 e5 2. Nf3 Nc6 3. Nc3 Nf6 4. Bb5 d6 5. d3 a6 6. Ba4 b5 7. Bb3 Bg4 8. h3 Bh5
9. Be3 Be7 10. O-O Qd7 11. a3 h6 12. Nd5 g5 13. Nxf6+ Bxf6 14. g4 Bg6 15. Nh2
h5 16. Qf3 Be7 17. c3 hxg4 18. hxg4 O-O-O 19. d4 exd4 20. Bxd4 Nxd4 21. cxd4 Rh4
22. e5 d5 23. Rac1 Rdh8 24. Bxd5 Rxh2 25. Bb7+ Kd8 26. Bxa6 c6 27. d5 Rh1+ 28.
Qxh1 Rxh1+ 29. Kxh1 Qxg4 30. Rg1 Be4+ 31. Kh2 Qh4# 0-1

[Event "POLFINAL MISTRZOSTW POLSKI JUNIOROW 2019 - D15"]
[Site "Ustron"]
[Date "1899-12-30"]
[Round "9.1"]
[White "Nowak, Roksana"]
[Black "Matyjasek, Michalina"]
[Result "0-1"]
[WhiteTitle "I"]
[BlackTitle "I"]
[WhiteElo "1358"]
[BlackElo "1366"]

1. f4 d5 2. Nf3 g6 3. e3 Bg7 4. Be2 Nf6 5. b3 Ne4 6. c3 O-O 7. Bb2 c5 8. d3 Nd6
9. O-O Nc6 10. Qc1 e5 11. fxe5 Nxe5 12. Nxe5 Bxe5 13. d4 cxd4 14. exd4 Bg7 15.
Bf3 Nf5 16. Qe1 Re8 17. Qf2 Bh6 18. Bc1 Ne3 19. Re1 Nc2 20. Rxe8+ Qxe8 21. Bxh6
Nxa1 22. h3 Bf5 23. Bxd5 Qd7 24. Bxb7 Qxb7 25. g4 Qc6 26. gxf5 Re8 27. Nd2 Nc2
28. Nf3 Qxc3 29. fxg6 hxg6 30. Bd2 Qd3 31. Ne5 Qf5 32. Qh4 Nxd4 33. Qxd4 Qxe5
34. Qxe5 Rxe5 35. Kf2 Kf8 36. a4 a6 37. b4 Rd5 38. Ke3 Rh5 39. Kd4 Ke8 40. Kc4
Kd7 41. b5 axb5+ 42. axb5 Kc7 43. Be3 Rxh3 44. b6+ Kb7 45. Bc5 f5 46. Kd5 f4 47.
Ke4 g5 48. Kf5 Rg3 49. Bf2 Rg2 50. Bd4 f3 51. Kg6 f2 52. Bxf2 Rxf2 53. Kxg5 Kxb6
0-1

[Event "POLFINAL MISTRZOSTW POLSKI JUNIOROW 2019 - D15"]
[Site "Ustron"]
[Date "1899-12-30"]
[Round "9.2"]
[White "Cieslak, Jessica"]
[Black "Retz, Agnieszka"]
[Result "1/2-1/2"]
[WhiteTitle "I"]
[BlackTitle "II+"]
[WhiteElo "1304"]
[BlackElo "1221"]

1. d4 d5 2. c4 e6 3. Nc3 Nf6 4. Nf3 Be7 5. Bf4 c6 6. c5 Nbd7 7. h3 b6 8. b4 Ne4
9. Nxe4 dxe4 10. Nd2 f5 11. e3 Nf6 12. Nc4 Nd5 13. Be5 Bf6 14. Nd6+ Kf8 15. Qh5
g6 16. Qh6+ Kg8 17. a3 Qe7 18. h4 Bd7 19. Bxf6 Qxf6 20. Qg5 Kg7 21. Bc4 b5 22.
Bb3 h6 23. Qxf6+ Kxf6 24. g4 fxg4 25. Nxe4+ Kf5 26. Nd6+ Kf6 27. Ke2 a5 28. Bxd5
exd5 29. Rhb1 a4 30. Rh1 h5 31. Rag1 Raf8 1/2-1/2

[Event "POLFINAL MISTRZOSTW POLSKI JUNIOROW 2019 - D15"]
[Site "Ustron"]
[Date "1899-12-30"]
[Round "9.3"]
[White "Zablocka, Marta"]
[Black "Czerwinska, Oliwia"]
[Result "0-1"]
[WhiteTitle "I"]
[BlackTitle "I"]
[WhiteElo "1315"]
[BlackElo "1366"]

1. e4 e5 2. Nf3 Nc6 3. d4 exd4 4. Nxd4 Qh4 5. Nb5 Qxe4+ 6. Qe2 Qxe2+ 7. Bxe2 Kd8
8. Be3 Be7 9. N1c3 a6 10. Nd4 Nxd4 11. Bxd4 Bf6 12. O-O-O d6 13. Ne4 Bxd4 14.
Rxd4 Nh6 15. Nc5 b6 16. Nxa6 Bxa6 17. Ra4 Bb7 18. Rd4 Rxa2 19. Kb1 Ra5 20. f3
Ba6 21. b4 Ra4 22. Bd1 Bb7 23. c3 Ra8 24. Bb3 Re8 25. Bc4 Kd7 26. Rhd1 Re3 27.
Kb2 Rae8 28. Kb3 Re1 29. R1d2 Ra8 30. Kb2 Ba6 31. b5 Bb7 32. Kc2 Rae8 33. Kb2
R8e7 34. Rf4 Ke8 35. Kb3 Bc8 36. Bd3 R1e5 37. Ra4 Bf5 38. Ra8+ Kd7 39. Bxf5+ Nxf5
40. Kb4 Re8 41. Ra7 Re2 42. Rd5 R8e5 43. Rd1 Rxg2 44. Rda1 Rb2+ 45. Kc4 Rbxb5
46. Rb7 Rbc5+ 47. Kd3 Re3+ 0-1

[Event "POLFINAL MISTRZOSTW POLSKI JUNIOROW 2019 - D15"]
[Site "Ustron"]
[Date "1899-12-30"]
[Round "9.4"]
[White "Bienko, Jagoda"]
[Black "Czernikowska, Laura"]
[Result "1/2-1/2"]
[WhiteTitle "I"]
[BlackTitle "WCM"]
[WhiteElo "1350"]
[BlackElo "1349"]

1. d4 f5 2. Nf3 Nf6 3. c4 g6 4. g3 Bg7 5. Bg2 O-O 6. O-O d6 7. Nc3 c6 8. e3 Qe8
9. d5 c5 10. Qc2 e5 11. e4 fxe4 12. Nxe4 Nxe4 13. Qxe4 Bf5 14. Qe2 a6 15. Nd2
b5 16. Ne4 Qd7 17. b3 Ra7 18. Bb2 b4 19. Ng5 Bg4 20. Bf3 Bxf3 21. Nxf3 Qg4 22.
Nd4 Qxe2 23. Nxe2 Rf3 24. Kg2 Raf7 25. Ng1 Rd3 26. Rad1 Rxd1 27. Rxd1 Nd7 28.
Nh3 Bh6 29. Bc1 Bxc1 30. Rxc1 h6 31. Ng1 Nf6 32. h3 Ne4 33. Rc2 a5 34. Nf3 Nc3
35. Nd2 Kg7 36. h4 Ra7 37. Kf3 Rf7+ 38. Kg2 Kf6 39. f3 Kf5 40. Nf1 Kf6 41. Nd2
Kg7 42. Ne4 Nxe4 43. fxe4 1/2-1/2

[Event "POLFINAL MISTRZOSTW POLSKI JUNIOROW 2019 - D15"]
[Site "Ustron"]
[Date "1899-12-30"]
[Round "9.5"]
[White "Pieczewska, Gabriela"]
[Black "Franek, Diana"]
[Result "0-1"]
[WhiteTitle "I"]
[BlackTitle "I"]
[WhiteElo "1184"]
[BlackElo "1299"]

1. Nf3 Nc6 2. g3 g6 3. Bg2 Bg7 4. c4 d6 5. Nc3 Nf6 6. d3 O-O 7. a3 a6 8. b4 Ne4
9. Nxe4 Bxa1 10. Bh6 Bg7 11. Qd2 f6 12. h4 Bxh6 13. Qxh6 Rf7 14. Nh2 Qf8 15. Qd2
Rb8 16. g4 e6 17. f4 f5 18. Ng5 Rg7 19. h5 h6 20. Ngf3 gxh5 21. g5 Nd8 22. e3
Nf7 23. gxh6 Nxh6 24. Ng5 Nf7 25. Nhf3 e5 26. Rxh5 Qe7 27. Rh4 exf4 28. Nxf7 Kxf7
29. Rxf4 Rxg2 30. Rh4 Qxh4+ 31. Nxh4 Rxd2 32. Kxd2 Be6 33. Ng2 Rh8 34. Nf4 Kf6
35. e4 fxe4 36. dxe4 Bxc4 0-1

[Event "POLFINAL MISTRZOSTW POLSKI JUNIOROW 2019 - D15"]
[Site "Ustron"]
[Date "1899-12-30"]
[Round "9.6"]
[White "Szewczyk, Malwina"]
[Black "Kot, Ewelina"]
[Result "1/2-1/2"]
[WhiteTitle "I"]
[BlackTitle "I"]
[WhiteElo "1332"]
[BlackElo "1239"]

1. d4 d5 2. e3 Nf6 3. Nf3 Bf5 4. Be2 e6 5. O-O c5 6. b3 Qc7 7. Bd3 Bxd3 8. Qxd3
Nbd7 9. Bb2 Rc8 10. Rc1 c4 11. Qe2 Qb6 12. Nc3 Ne4 13. Nd2 Nxc3 14. Bxc3 Ba3 15.
Rcb1 Qc7 16. bxc4 dxc4 17. e4 O-O 18. Qg4 Nf6 19. Qf3 b6 20. d5 Ne8 21. e5 exd5
22. Qxd5 Qc6 23. Qxc6 Rxc6 24. Nf3 Nc7 25. Rd1 Nb5 26. Nd4 Nxc3 27. Nxc6 Nxd1
28. Rxd1 a5 29. Rd4 c3 30. Rc4 Bb2 31. Nd4 Rd8 32. Kf1 h6 33. Ke2 Rd5 34. Nf3
b5 35. Rd4 Rc5 36. Kd3 Kf8 37. g4 Ke7 38. h4 Ke6 39. Rd6+ Ke7 40. Rd4 Ke6 41.
Rd6+ Ke7 42. Rd4 Ke6 43. Rd6+ Ke7 44. Rd4 Ke6 1/2-1/2

[Event "POLFINAL MISTRZOSTW POLSKI JUNIOROW 2019 - D15"]
[Site "Ustron"]
[Date "1899-12-30"]
[Round "9.7"]
[White "Reszka, Zofia"]
[Black "Pacho, Maria"]
[Result "0-1"]
[WhiteTitle "I"]
[BlackTitle "II"]
[WhiteElo "1258"]
[BlackElo "1223"]

1. d4 Nf6 2. c4 g6 3. Nc3 Bg7 4. e4 d6 5. f4 O-O 6. Nf3 c6 7. e5 Ne8 8. Be3 Nc7
9. h4 Bg4 10. Be2 f6 11. exf6 exf6 12. Nd2 Bxe2 13. Nxe2 Qe7 14. Rh3 f5 15. Qc2
Nd7 16. O-O-O Nf6 17. Re1 Ng4 18. Nf1 Rae8 19. Bg1 d5 20. Ne3 Nxe3 21. Bxe3 dxc4
22. Qxc4+ Nd5 23. Nc3 Qe6 24. Nxd5 cxd5 25. Qb4 Rc8+ 26. Kd1 Qe4 27. Qd2 Qb1+
28. Ke2 Qxa2 29. Kf1 Qc4+ 30. Kg1 Rfe8 31. Rd1 Qc2 32. Qxc2 Rxc2 33. Rb1 Re4 34.
Rf3 Bxd4 35. Bxd4 Rxd4 36. g3 Rdd2 37. b4 d4 38. Kf1 Rb2 39. Rb3 Rbc2 40. b5 Rc3
41. Ke1 Rdd3 42. Rxc3 dxc3 43. Kf2 Kf7 44. Re1 c2 45. Rc1 Rc3 46. Ke1 Ke6 47.
Kd2 Rc5 48. Rxc2 Rxc2+ 49. Kxc2 Kd5 50. Kb3 a6 51. Ka4 Ke4 0-1

[Event "POLFINAL MISTRZOSTW POLSKI JUNIOROW 2019 - D15"]
[Site "Ustron"]
[Date "1899-12-30"]
[Round "9.9"]
[White "Zajac, Aleksandra"]
[Black "Czajkowska, Paulina"]
[Result "1/2-1/2"]
[WhiteTitle "II"]
[BlackTitle "II"]
[WhiteElo "1162"]
[BlackElo "1224"]

1. e4 e5 2. Nf3 Nc6 3. Bc4 Bc5 4. d3 Nf6 5. O-O d6 6. c3 Bg4 7. Nbd2 O-O 8. Re1
Re8 9. Nf1 h6 10. Ng3 Qd7 11. Bb3 a6 12. Be3 Bxe3 13. Rxe3 d5 14. h3 d4 15. cxd4
exd4 16. Re1 Be6 17. Rc1 Rad8 18. Re2 Na5 19. Bxe6 Rxe6 20. Rec2 Rc8 21. Nh4 Rc6
22. Qd2 Rxc2 23. Rxc2 Nc6 24. Ngf5 Kh7 25. Nxg7 Kxg7 26. Nf5+ Kg8 27. Qxh6 Ne8
28. Qg5+ Kf8 29. Qh6+ Kg8 30. Qg5+ Kf8 31. Qh6+ 1/2-1/2

[Event "POLFINAL MISTRZOSTW POLSKI JUNIOROW 2019 - D15"]
[Site "Ustron"]
[Date "1899-12-30"]
[Round "9.10"]
[White "Rozumek, Paulina"]
[Black "Kulpa, Karolina"]
[Result "1-0"]
[WhiteTitle "II"]
[BlackTitle "I"]
[WhiteElo "1151"]
[BlackElo "1319"]

1. Nf3 g6 2. d4 Nf6 3. g3 Bg7 4. Bg2 d6 5. O-O O-O 6. Nc3 Nbd7 7. e4 e5 8. dxe5
Nxe5 9. Nxe5 dxe5 10. Be3 Be6 11. Re1 Qe7 12. Nd5 Nxd5 13. exd5 Rfd8 14. c4 c6
15. Qb3 cxd5 16. cxd5 Bf5 17. Rad1 a6 18. Bb6 Rd7 19. Qc4 Qd6 20. Qc5 Bf8 21.
Qxd6 Bxd6 22. Rc1 f6 23. Bc5 Bxc5 24. Rxc5 Rad8 25. Rec1 g5 26. Rc7 Bg6 27. Rxd7
Rxd7 28. a4 Bf7 29. Rd1 Rd6 30. b4 Kg7 31. Rc1 Rd7 32. d6 Rxd6 33. Bxb7 Rb6 34.
Rc7 Kg8 35. b5 a5 36. Bc6 Bb3 37. Rb7 Rxb7 38. Bxb7 Bxa4 39. b6 Bb5 40. Bd5+ Kf8
41. b7 1-0

[Event "POLFINAL MISTRZOSTW POLSKI JUNIOROW 2019 - D15"]
[Site "Ustron"]
[Date "1899-12-30"]
[Round "9.11"]
[White "Dumin, Monika"]
[Black "Buchta, Alicja"]
[Result "0-1"]
[WhiteTitle "II"]
[BlackTitle "II"]
[WhiteElo "1089"]
[BlackElo "1107"]

1. e4 e6 2. d4 d5 3. exd5 exd5 4. Nf3 Bd6 5. c3 c6 6. Be3 Ne7 7. Nbd2 O-O 8. Bd3
h6 9. h3 f5 10. g3 Nd7 11. Nf1 Nf6 12. Qc2 Ne4 13. O-O-O Qa5 14. a3 Bxa3 15. bxa3
Qxa3+ 16. Qb2 Qxc3+ 17. Qxc3 Nxc3 18. Rd2 Ng6 19. Rc2 Ne4 20. N3d2 Nh8 21. f3
Nxd2 22. Nxd2 Nf7 23. f4 Nd6 24. Nf3 Re8 25. Ne5 Nf7 26. Rf2 a5 27. Rg1 a4 28.
g4 Nd6 29. g5 h5 30. g6 a3 31. Ra2 Nc4 32. Nxc4 dxc4 33. Bxc4+ Be6 34. Bxe6+ Rxe6
35. Bd2 Re4 36. Rg5 Rxd4 37. Rxf5 Rc4+ 38. Kd1 b5 39. Rf7 b4 40. Rb7 c5 41. Be3
Rc3 42. Kd2 Rd8+ 43. Ke2 Re8 44. Kf2 Rcxe3 45. Rb5 Rxh3 46. Kg2 Rc3 47. Kf2 Rf8
48. Ke2 Rxf4 49. Ke1 Rf6 50. Rg2 Rc1+ 51. Kd2 0-1

[Event "POLFINAL MISTRZOSTW POLSKI JUNIOROW 2019 - D15"]
[Site "Ustron"]
[Date "1899-12-30"]
[Round "9.12"]
[White "Rodzik, Malgorzata"]
[Black "Kowalska, Julia"]
[Result "1-0"]
[WhiteTitle "II"]
[BlackTitle "II"]
[WhiteElo "1138"]
[BlackElo "1055"]

1. d4 d5 2. Nf3 Nc6 3. Bf4 Bg4 4. Nbd2 Nf6 5. e3 e6 6. Be2 Be7 7. Ne5 Bxe2 8. Qxe2
Nxe5 9. Bxe5 O-O 10. O-O-O Bd6 11. f4 Bxe5 12. fxe5 Nd7 13. h4 Nb6 14. g4 c6 15.
Rdg1 f6 16. Nf3 Na4 17. g5 f5 18. h5 Qb6 19. c3 c5 20. Qd2 cxd4 21. exd4 Qc6 22.
Rg2 Rac8 23. Ne1 Nb6 24. Nd3 a5 25. Kd1 Nc4 26. Qc1 Qa6 27. Nc5 Qb6 28. Nd7 Qc7
29. Nxf8 Rxf8 30. b3 Nb6 31. Rc2 Rc8 32. Rh3 a4 33. Qa3 axb3 34. axb3 Ra8 35.
Qc1 Qf7 36. Qb1 g6 37. h6 Qe7 38. Qc1 Rc8 39. Rg3 Qf7 40. Qf4 Rf8 41. Ke2 Qd7
42. c4 dxc4 43. bxc4 Qc7 44. Rgc3 Rc8 45. Kd3 Na4 46. Rb3 Nb6 47. Qc1 Qc6 48.
Rcc3 Qe4+ 49. Kd2 Qxd4+ 50. Rd3 Nxc4+ 51. Kd1 Qg1+ 52. Kc2 Nxe5+ 53. Rdc3 Qg2+
54. Qd2 Qe4+ 55. Kc1 Nd3+ 56. Kd1 Qh1+ 57. Kc2 Rxc3+ 58. Rxc3 Nb4+ 59. Kb2 Qd5
60. Rc8+ Kf7 61. Qxb4 Qg2+ 62. Ka3 Qxg5 63. Qf8# 1-0